Uma teoria da justiça / (Record no. 821)

MARC details
000 -LÍDER
Campo Fixo de Controle 00859nam a2200277 a 4500
001 - NÚMERO DE CONTROLE
Campo de Controle 821
003 - IDENTIFICAÇÃO DO NÚMERO DE CONTROLE
Campo de Controle BR-CuiBMT
005 - DATA E HORA DA ÚLTIMA ATUALIZAÇÃO
Campo de Controle 20231129165454.0
008 - DADOS FIXOS
Dados Fixos 231120s2008 spb 001 0 por d
020 ## - INTERNATIONAL STANDARD BOOK NUMBER
Nº do ISBN 9788533623880
040 ## - AGÊNCIA CATALOGADORA
Código da Agência Catalogadora BR-CuiBMT
Agência que transcreveu o registro BR-CuiBMT
080 ## - Nº DA CLASSIFICAÇÃO DECIMAL UNIVERSAL
Nº edição CDU 2007
Nº Class. CDU 340.12
090 ## - NÚMERO DE CHAMADA
Nº classificação 340.12
Cutter R261t
Ano/Edição 3. ed.
100 1# - ENTRADA PRINCIPAL -- AUTOR PESSOAL
Nome pessoal Rawls, John,
Datas associadas ao nome 1921-2002
240 12 - TÍTULO UNIFORME/ORIGINAL
Título original A theory of justice
Idioma da publicação eng
245 14 - TÍTULO PRINCIPAL
Título principal Uma teoria da justiça /
Indicação de responsabilidade John Rawls ; tradução: Jussara Simões ; revisão técnica e da tradução: Álvaro de Vita.
250 ## - EDIÇÃO
Edição 3. ed., rev.
260 ## - PUBLICAÇÃO, DISTRIBUIÇÃO, ETC.
Local de publicação São Paulo :
Editora Martins Fontes,
Data 2008.
300 ## - DESCRIÇÃO FÍSICA
N. páginas ou volumes 764 p. ;
Dimensões 21 cm
490 1# - INDICAÇÃO DE SÉRIE
Título da série Coleção justiça e direito
504 ## - NOTA DE BIBLIOGRAFIA, ETC.
Nota de bibliografia Inclui bibliografia e índice.
650 ## - ASSUNTO TÓPICO
Cabeçalho tópico ou nome geográfico Direito
Subdivisão de forma Filosofia
650 ## - ASSUNTO TÓPICO
Cabeçalho tópico ou nome geográfico Justiça
Subdivisão de forma Filosofia
830 #0 - ENTRADA SECUNDÁRIA DE SÉRIE -- TÍTULO UNIFORME
Título uniforme Justiça e direito
942 ## - ELEMENTOS DE ENTRADA ADICIONAIS (KOHA)
Fonte de classificação ou esquema de arquivamento Classificação Decimal Universal
Tipo de item do Koha Livros
Holdings
Estado: removido Estado: perdido Fonte de classificação ou esquema de arquivamento Estado: danificado Indisponível para empréstimo Localização permanente Localização atual Data de aquisição Total Checkouts Número de Chamada completo Código de barras Date last seen Número do exemplar Preço efetivo a partir de Tipo de item (Koha)
    Classificação Decimal Universal     Biblioteca da Escola Superior de Contas do TCE/MT Biblioteca da Escola Superior de Contas do TCE/MT 02/04/2013   340.12 R261t BIBTCEMT23110757 20/11/2023 Ex. 1 20/11/2023 Livros

Powered by Koha